Pozitíva a negatíva doterajšieho uplatňovania spoločnej poľnohospodárskej politiky EÚ

Priaznivé a nepriaznivé efekty vstupu Slovenska do EÚ pre podnikateľov v poľnohospodárstve. Vývoj bilancie zahraničného obchodu s agrokomoditami v SR.

Gespeichert in:
Bibliographische Detailangaben
1. Verfasser: Nemec, Stanislav
Format: Buchkapitel
Sprache:Slowakisch
Schlagworte:
Tags: Tag hinzufügen
Keine Tags, Fügen Sie das erste Tag hinzu!

MARC

LEADER 00000naa$a2200000$$$4500
001 0053117
005 20231006122033.3
041 0 |a slo 
044 |a SK 
245 1 0 |a Pozitíva a negatíva doterajšieho uplatňovania spoločnej poľnohospodárskej politiky EÚ  |c Stanislav Nemec 
520 |a Priaznivé a nepriaznivé efekty vstupu Slovenska do EÚ pre podnikateľov v poľnohospodárstve. Vývoj bilancie zahraničného obchodu s agrokomoditami v SR. 
610 2 0 |a Slovensko 
610 2 0 |a Európska únia 
610 2 0 |a politika poľnohospodárska 
610 2 0 |a trh zahraničný 
610 2 0 |a komodity 
610 2 0 |a podnikanie 
610 2 0 |a dotácie 
610 2 0 |a pomoc rozvojová 
100 1 |a Nemec, Stanislav